[Event "Jm KP I 23-24 Loko Brno B - Hodonin"]
[Site "?"]
[Date "2024.02.18"]
[Round "45.6"]
[White "Skocik, Marek"]
[Black "Janicek, Lubomir"]
[Result "1-0"]
[WhiteElo "1930"]
[BlackElo "1771"]
[PlyCount "103"]

1. d4 Nf6 2. Bf4 c6 3. c3 Qb6 4. Qb3 g6 5. Nd2 Bg7 6. e4 Qxb3 7. axb3 d6 8.
Ngf3 Nbd7 9. b4 Nh5 10. Be3 e5 11. dxe5 Nxe5 12. Nxe5 dxe5 13. Rxa7 Rxa7 14.
Bxa7 Be6 15. Bc4 Kd7 16. O-O b5 17. Bxe6+ Kxe6 18. Nb3 Rd8 19. Ra1 f5 20. exf5+
gxf5 21. Kf1 Nf4 22. g3 Nd5 23. Bc5 Bh6 24. Ra6 Rc8 25. Ke2 f4 26. Ra7 Rc7 27.
Rxc7 Nxc7 28. Kd3 Kd5 29. f3 fxg3 30. hxg3 Ne6 31. Be7 Bg5 32. Bc5 h5 33. Bf2
Be7 34. Nd2 Ng5 35. b3 Nh3 36. Be1 Ng1 37. Bf2 Nh3 38. Ba7 h4 39. gxh4 Nf4+ 40.
Ke3 Ng2+ 41. Kd3 Nxh4 42. c4+ Ke6 43. Bc5 Bg5 44. Be3 bxc4+ 45. bxc4 Be7 46.
Kc3 Nf5 47. Bf2 Nd4 48. Bxd4 exd4+ 49. Kxd4 Bxb4 50. Nb3 Kf5 51. Ke3 Ba3 52.
Nd4+ 1-0

[Event "Jm KP I 23-24 Loko Brno B - Hodonin"]
[Site "?"]
[Date "2024.02.18"]
[Round "45.7"]
[White "Lapunik, Pavel"]
[Black "Taptic, Filip"]
[Result "1/2-1/2"]
[WhiteElo "1496"]
[BlackElo "1840"]
[PlyCount "57"]

1. d4 d5 2. Nf3 Nf6 3. Bf4 e6 4. e3 Bd6 5. Bg3 O-O 6. Nbd2 c5 7. c3 Nc6 8. Bd3
Re8 9. Ne5 Qc7 10. f4 c4 11. Bc2 b5 12. O-O a5 13. Bh4 Be7 14. Bxf6 Bxf6 15.
Ndf3 g6 16. h4 h5 17. g4 hxg4 18. Ng5 Bxg5 19. hxg5 Ne7 20. Nxg4 Kg7 21. Kg2
Bb7 22. Rh1 Rh8 23. Qf3 Nf5 24. Bxf5 exf5 25. Ne5 Rag8 26. Rxh8 Rxh8 27. Rh1
Qd8 28. Qg3 Rxh1 29. Kxh1 1/2-1/2

[Event "Jm KP I 23-24 Loko Brno B - Hodonin"]
[Site "?"]
[Date "2024.02.18"]
[Round "45.8"]
[White "Cerulik, Lukas"]
[Black "Stoudek, Michal"]
[Result "1/2-1/2"]
[WhiteElo "1509"]
[BlackElo "1437"]
[PlyCount "47"]

1. d4 d5 2. Bf4 Nf6 3. e3 Bf5 4. c4 e6 5. Nc3 Bd6 6. Bg3 c6 7. Qb3 Bxg3 8. hxg3
Qc7 9. Nf3 O-O 10. Nh4 Bg6 11. Nxg6 fxg6 12. Be2 Nbd7 13. f4 Nb6 14. c5 Nbd7
15. O-O-O b6 16. cxb6 axb6 17. g4 Rfb8 18. g5 Ne8 19. Rh3 c5 20. Nxd5 exd5 21.
Qxd5+ Kf8 22. Bc4 Ndf6 23. gxf6 Nxf6 24. Qe5 1/2-1/2

[Event "Jm KP I 23-24 Jundrov C - Kurim B"]
[Site "?"]
[Date "2024.02.18"]
[Round "46.1"]
[White "Slepov, Cyril"]
[Black "Soucek, Andrej"]
[Result "1-0"]
[WhiteElo "2159"]
[BlackElo "1715"]
[PlyCount "67"]

1. d4 Nf6 2. Bg5 d5 3. Bxf6 exf6 4. e3 Be6 5. Ne2 Bd6 6. c4 c6 7. cxd5 cxd5 8.
Nbc3 Nc6 9. Ng3 Qb6 10. Rb1 Rc8 11. Bd3 g6 12. Qf3 Bxg3 13. hxg3 Qd8 14. Qf4
Nb4 15. Bb5+ Nc6 16. Qh6 Ke7 17. O-O Qf8 18. Qf4 h5 19. e4 Qd8 20. Rbc1 g5 21.
Qe3 Kf8 22. f4 h4 23. f5 Bd7 24. Nxd5 hxg3 25. Rf3 Nxd4 26. Qxd4 Rxc1+ 27. Bf1
Kg7 28. Rxg3 Bb5 29. Rxg5+ Kh6 30. Rg3 Rxf1+ 31. Kh2 Qd6 32. e5 Be2 33. exd6
Rxf5 34. Qe3+ 1-0

[Event "Jm KP I 23-24 Jundrov C - Kurim B"]
[Site "?"]
[Date "2024.02.18"]
[Round "46.2"]
[White "Dumkova, Daniela"]
[Black "Kuchar, Matej"]
[Result "0-1"]
[WhiteElo "1894"]
[BlackElo "2059"]
[PlyCount "52"]

1. d4 Nf6 2. c4 c5 3. Nf3 g6 4. g3 Bg7 5. Bg2 O-O 6. O-O cxd4 7. Nxd4 Nc6 8. e4
d6 9. Nxc6 bxc6 10. e5 Ne8 11. exd6 Nxd6 12. Qa4 Be6 13. Nd2 Qc7 14. c5 Nb5 15.
Nc4 Nd4 16. Bf4 Ne2+ 17. Kh1 Nxf4 18. gxf4 Qxf4 19. Nb6 Qxa4 20. Nxa4 Rab8 21.
Bxc6 Rfc8 22. Be4 Rb4 23. Bc2 Bd7 24. a3 Rxa4 25. Bxa4 Bxa4 26. Rae1 Bb5 0-1

[Event "Jm KP I 23-24 Jundrov C - Kurim B"]
[Site "?"]
[Date "2024.02.18"]
[Round "46.3"]
[White "Masak, Pavel"]
[Black "Kudla, Vladimir"]
[Result "0-1"]
[WhiteElo "2066"]
[BlackElo "1880"]
[PlyCount "60"]

1. Nf3 Nf6 2. d4 e6 3. g3 b6 4. Bg2 Bb7 5. O-O Be7 6. c4 O-O 7. Nc3 d5 8. cxd5
Nxd5 9. Qc2 Nxc3 10. Qxc3 Nd7 11. Rd1 Nf6 12. Qc2 Be4 13. Qa4 Qd5 14. b3 a5 15.
Qc4 Qb7 16. Bb2 Rfd8 17. Ne1 Bxg2 18. Nxg2 Rac8 19. Rac1 c5 20. dxc5 Rxc5 21.
Rxd8+ Bxd8 22. Qd3 Rxc1+ 23. Bxc1 Be7 24. Ne3 b5 25. Bb2 h6 26. f3 Qc6 27. Kg2
a4 28. bxa4 bxa4 29. Nc2 Nd5 30. e4 Qxc2+ 0-1

[Event "Jm KP I 23-24 Jundrov C - Kurim B"]
[Site "?"]
[Date "2024.02.18"]
[Round "46.4"]
[White "Pesl, Jan"]
[Black "Svobodova, Michaela"]
[Result "1/2-1/2"]
[WhiteElo "1777"]
[BlackElo "2003"]
[PlyCount "89"]

1. e4 e5 2. Nf3 Nf6 3. Nxe5 d6 4. Nf3 Nxe4 5. Nc3 Nxc3 6. dxc3 Be7 7. Bf4 Nd7
8. Qd2 Nc5 9. O-O-O Be6 10. Kb1 O-O 11. h4 Qd7 12. Nd4 a5 13. f3 Rfb8 14. c4
Bf6 15. g4 Be5 16. Be3 Qa4 17. Nxe6 fxe6 18. Bd3 b5 19. cxb5 Nxd3 20. Qxd3 Rxb5
21. b3 Qa3 22. Bc1 Qc5 23. Be3 Qc6 24. Qe4 Qxe4 25. fxe4 a4 26. Bd4 axb3 27.
axb3 Bxd4 28. Rxd4 Rba5 29. Kb2 Rf8 30. Rc4 Ra7 31. e5 dxe5 32. Re1 Rf4 33.
Rxe5 Rxc4 34. bxc4 Kf7 35. Kc3 Ra3+ 36. Kd4 Rg3 37. Re4 Kf6 38. Rf4+ Ke7 39. c5
Rg2 40. c4 Re2 41. Re4 Ra2 42. Rf4 h6 43. Ke5 g5 44. hxg5 hxg5 45. Re4 1/2-1/2

[Event "Jm KP I 23-24 Jundrov C - Kurim B"]
[Site "?"]
[Date "2024.02.18"]
[Round "46.5"]
[White "Sipek, Oldrich"]
[Black "Bauer, Miroslav"]
[Result "1-0"]
[WhiteElo "1888"]
[BlackElo "1721"]
[PlyCount "123"]

1. e4 c5 2. d4 cxd4 3. c3 dxc3 4. Nxc3 Nc6 5. Bc4 Nf6 6. Nf3 d6 7. h3 g6 8. e5
dxe5 9. Qxd8+ Nxd8 10. Nxe5 Bg7 11. Bf4 a6 12. Rd1 O-O 13. O-O Nc6 14. Nxc6
bxc6 15. Rfe1 Re8 16. Na4 Nd7 17. Re2 a5 18. Rde1 Bf6 19. Nc3 Nb6 20. Ne4 Bxb2
21. Bxf7+ Kxf7 22. Rxb2 Nd5 23. Be5 Ba6 24. Nc5 Nb4 25. Re3 Bc4 26. a3 Nd5 27.
Rf3+ Kg8 28. Rc2 Ba6 29. Ne6 Rac8 30. h4 Bb5 31. h5 gxh5 32. Rg3+ Kf7 33. Ng5+
Kg6 34. f4 h6 35. Nf3+ Kf5 36. a4 Bd3 37. Nh4+ Ke4 38. Rd2 Nb4 39. Kf2 c5 40.
Re3+ Kd5 41. Bc3 c4 42. Re5+ Kc6 43. Rxh5 Nd5 44. Bd4 Nxf4 45. Rxh6+ Kd5 46.
Bc3 e5 47. Nf5 Re6 48. Ne3+ Kd6 49. Rh4 Nd5 50. Nxd5 Kxd5 51. Ke3 Rg8 52. Rb2
Rf6 53. Rb5+ Kc6 54. Bxe5 Re6 55. g3 Rxg3+ 56. Kd4 Rg8 57. Rxa5 Rd8+ 58. Kc3
Be2 59. Ra6+ Kd5 60. Rd4+ Kxe5 61. Rxe6+ Kxe6 62. Rxd8 1-0

[Event "Jm KP I 23-24 Jundrov C - Kurim B"]
[Site "?"]
[Date "2024.02.18"]
[Round "46.6"]
[White "Cihal, Jan"]
[Black "Nikodem, Gustav"]
[Result "1/2-1/2"]
[WhiteElo "1763"]
[BlackElo "2014"]
[PlyCount "40"]

1. Nf3 Nf6 2. g3 g6 3. Bg2 Bg7 4. O-O O-O 5. d3 d5 6. c3 b6 7. Nbd2 Bb7 8. Qc2
c5 9. e4 Nc6 10. Re1 e6 11. a4 Rc8 12. Nh4 dxe4 13. dxe4 Qd7 14. f4 Rfd8 15.
Bf1 Na5 16. Nhf3 Qc7 17. Ne5 Nd7 18. Nec4 Nxc4 19. Nxc4 Nf6 20. Bd2 Qc6 1/2-1/2

[Event "Jm KP I 23-24 Jundrov C - Kurim B"]
[Site "?"]
[Date "2024.02.18"]
[Round "46.7"]
[White "Rysanek, Jakub"]
[Black "Krupica, Pavel"]
[Result "1/2-1/2"]
[WhiteElo "1903"]
[BlackElo "1812"]
[PlyCount "64"]

1. e4 c5 2. Nf3 Nc6 3. d4 cxd4 4. Nxd4 g6 5. Be3 Bg7 6. c3 Nf6 7. Bd3 O-O 8.
O-O d5 9. Nxc6 bxc6 10. Nd2 e5 11. Bc5 Re8 12. Qc2 Be6 13. Rfe1 Qc7 14. h3 Rab8
15. b4 Nd7 16. Nb3 Nxc5 17. Nxc5 Bc8 18. Rad1 Bf8 19. Na6 Bxa6 20. Bxa6 Qb6 21.
Be2 Rbd8 22. Bf3 d4 23. a3 c5 24. cxd4 exd4 25. bxc5 Bxc5 26. Rd3 Qa5 27. Ra1
Rc8 28. Qb3 Rb8 29. Qd5 Red8 30. Qc4 Bb6 31. Rad1 Rbc8 32. Qb4 Qxb4 1/2-1/2

[Event "Jm KP I 23-24 Jundrov C - Kurim B"]
[Site "?"]
[Date "2024.02.18"]
[Round "46.8"]
[White "Hrdina, Jiri"]
[Black "Tovarek, Antonin"]
[Result "1/2-1/2"]
[WhiteElo "1642"]
[BlackElo "1829"]
[PlyCount "35"]

1. d4 d5 2. Bf4 Bf5 3. e3 e6 4. Bd3 Bxd3 5. Qxd3 a6 6. Nf3 c5 7. c3 Nc6 8. Nbd2
c4 9. Qc2 Bd6 10. Bg3 f5 11. b4 Nf6 12. Ne5 Bxe5 13. dxe5 Nh5 14. f4 Nxg3 15.
hxg3 g5 16. O-O-O Qe7 17. Nf3 g4 18. Nd4 1/2-1/2

[Event "Jm KP I 23-24 Veseli - Kurim A"]
[Site "?"]
[Date "2024.02.18"]
[Round "47.1"]
[White "Uricar, Jakub"]
[Black "Tajovsky, Martin"]
[Result "1/2-1/2"]
[WhiteElo "2113"]
[BlackElo "2229"]
[PlyCount "100"]

1. e4 c5 2. Nc3 Nc6 3. g3 g6 4. Bg2 {[%emt 0:00:00]} 4... Bg7 {[%emt 0:00:00]}
5. d3 e6 6. Be3 b6 7. Nh3 Bb7 8. O-O Nge7 9. Qd2 Nd4 10. Nd1 d5 11. c3 Ndc6 12.
exd5 Nxd5 13. Bh6 O-O 14. Bxg7 Kxg7 15. Ne3 Nf6 16. f4 Qd7 17. g4 Rad8 18. Rad1
Ne7 19. f5 exf5 20. Bxb7 Qxb7 21. gxf5 Ned5 22. Qg2 Qd7 23. Rde1 Rde8 24. Nxd5
Qxd5 25. fxg6 Qxg2+ 26. Kxg2 hxg6 27. Ng5 Rxe1 28. Rxe1 Rd8 29. Re7 Rd7 30.
Ne6+ Kh6 31. Rxd7 Nxd7 32. Nd8 Kg7 33. Nc6 a5 34. a4 f5 35. Kf3 g5 36. h3 Kf6
37. d4 Ke6 38. dxc5 Nxc5 39. Nd4+ Kf6 40. b3 Ne4 41. b4 Nxc3 42. bxa5 bxa5 43.
Nc6 Nxa4 44. Nxa5 Nc5 45. Nc4 Nd7 46. Ne3 Nc5 47. Kf2 f4 48. Nd5+ Ke6 49. Nc3
Kf5 50. Kg2 50... Ne4 {dal neeitelne} 1/2-1/2

[Event "Jm KP I 23-24 Veseli - Kurim A"]
[Site "?"]
[Date "2024.02.18"]
[Round "47.2"]
[White "Majer, Jiri"]
[Black "Symersky, Petr"]
[Result "1/2-1/2"]
[WhiteElo "2176"]
[BlackElo "2087"]
[PlyCount "26"]

1. d4 d5 2. Nf3 Nf6 3. g3 e6 4. Bg2 Be7 5. O-O O-O 6. b3 Nbd7 7. Bb2 b6 8. Nbd2
Bb7 9. c4 c5 10. Rc1 Rc8 11. e3 Qc7 12. Qe2 Qb8 13. Rfd1 Rfd8 1/2-1/2

[Event "Jm KP I 23-24 Veseli - Kurim A"]
[Site "?"]
[Date "2024.02.18"]
[Round "47.3"]
[White "Skalka, Jan"]
[Black "Nemec, David"]
[Result "0-1"]
[WhiteElo "1953"]
[BlackElo "2065"]
[PlyCount "56"]

1. c4 Nf6 2. g3 e6 3. Bg2 d5 4. Nf3 c5 5. cxd5 exd5 6. d4 c4 7. Nc3 Be7 8. O-O
O-O 9. Ne5 h6 10. b3 Bb4 11. Bb2 Bxc3 12. Bxc3 cxb3 13. Qxb3 Nc6 14. Nxc6 bxc6
15. Rfc1 Re8 16. e3 Ne4 17. Be1 Qf6 18. Qc2 Bd7 19. Rab1 Nd6 20. Qa4 Bf5 21.
Rb2 Nc4 22. Rxc4 dxc4 23. Bxc6 Rab8 24. Bxe8 Rxb2 25. Qxc4 Rb1 26. Qc3 Be4 27.
f4 Qe6 28. Ba4 Qxa2 0-1

[Event "Jm KP I 23-24 Veseli - Kurim A"]
[Site "?"]
[Date "2024.02.18"]
[Round "47.4"]
[White "Setina, Vaclav"]
[Black "Vrtal, Jaroslav"]
[Result "1/2-1/2"]
[WhiteElo "2015"]
[BlackElo "1956"]
[PlyCount "107"]

1. e4 c5 2. c3 d5 3. exd5 Qxd5 4. d4 e6 5. Nf3 Nf6 6. Bd3 Be7 7. O-O O-O 8. Be3
Rd8 9. Qe2 cxd4 10. cxd4 Nc6 11. Nc3 Qh5 12. Rad1 b6 13. Ne5 Qxe2 14. Bxe2 Bb7
15. Bf3 Rac8 16. Rd2 Na5 17. Bxb7 Nxb7 18. d5 exd5 19. Rfd1 Bb4 20. g4 Bxc3 21.
bxc3 Ne4 22. Rxd5 Nxc3 23. Rxd8+ Rxd8 24. Re1 24... Rc8 {[%emt 0:00:00]} 25.
Bd4 {[%emt 0:00:00]} 25... f6 {[%emt 0:00:11]} 26. Nf3 Kf7 27. Kg2 Nb5 28. Be3
Rc4 29. Rd1 N5d6 30. h3 Ra4 31. Rd2 Ke7 32. Nd4 Rc4 33. Bf4 g6 34. f3 b5 35.
Kg3 a5 36. Re2+ Kf7 37. Rd2 a4 38. Nxb5 Nxb5 39. Rd7+ Ke6 40. Rxb7 Nd4 41. Bh6
Rc3 42. Rb4 Nxf3 43. Rxa4 Ng5+ 44. Kg2 Nxh3 45. Re4+ Kd5 46. Re3 Rxe3 47. Bxe3
Ng5 48. a4 Ne6 49. a5 Nc7 50. Kf3 h5 51. gxh5 gxh5 52. Kg3 Kc6 53. Kh4 Kb7 54.
Kxh5 1/2-1/2

[Event "Jm KP I 23-24 Veseli - Kurim A"]
[Site "?"]
[Date "2024.02.18"]
[Round "47.5"]
[White "Krizek, Frantisek"]
[Black "Parak, Dominik"]
[Result "0-1"]
[WhiteElo "1938"]
[BlackElo "2036"]
[PlyCount "54"]

1. c4 Nf6 2. Nc3 e6 3. d4 d5 4. cxd5 exd5 5. Bg5 c6 6. Qc2 Be7 7. e3 Bg4 8. Bd3
Nbd7 9. Nf3 h6 10. Bh4 O-O 11. Bg3 Re8 12. Ne5 Bh5 13. O-O Nf8 14. Rac1 Bd6 15.
Na4 Bxe5 16. dxe5 N6d7 17. Qc3 Bg6 18. Be2 Ne6 19. b4 b5 20. Nb2 Rc8 21. f4 Be4
22. f5 Nef8 23. Qd4 Qb6 24. Bd3 c5 25. bxc5 Rxc5 26. Bxe4 dxe4 27. Rxc5 Nxc5
0-1

[Event "Jm KP I 23-24 Veseli - Kurim A"]
[Site "?"]
[Date "2024.02.18"]
[Round "47.6"]
[White "Habina, Martin"]
[Black "Klenner, Richard"]
[Result "1/2-1/2"]
[WhiteElo "2006"]
[BlackElo "1961"]
[PlyCount "30"]

1. e4 d6 2. d4 Nf6 3. Nc3 c6 4. Bd3 e5 5. Nf3 Bg4 6. dxe5 dxe5 7. h3 Bxf3 8.
Qxf3 Be7 9. Be3 Nbd7 10. Rd1 Qc7 11. O-O O-O 12. Qe2 b5 13. f4 Bc5 14. Kh1 Bxe3
15. Qxe3 exf4 1/2-1/2

[Event "Jm KP I 23-24 Veseli - Kurim A"]
[Site "?"]
[Date "2024.02.18"]
[Round "47.7"]
[White "Pistek, Jan"]
[Black "Horak, Bronislav"]
[Result "1-0"]
[WhiteElo "1841"]
[BlackElo "1898"]
[PlyCount "51"]

1. e4 Nf6 2. e5 Nd5 3. d4 d6 4. exd6 exd6 5. c4 Nf6 6. Nf3 Bg4 7. Be2 Be7 8.
O-O O-O 9. Nc3 Re8 10. Be3 Nc6 11. Re1 a6 12. Qb3 Qc8 13. a3 Rb8 14. Qc2 Bf5
15. Bd3 Bxd3 16. Qxd3 Qg4 17. h3 Qh5 18. b4 d5 19. c5 Ne4 20. Bf4 Nxc3 21. Qxc3
Rbc8 22. a4 b6 23. b5 axb5 24. axb5 Na5 25. cxb6 Nc4 26. b7 1-0

[Event "Jm KP I 23-24 Veseli - Kurim A"]
[Site "?"]
[Date "2024.02.18"]
[Round "47.8"]
[White "Kriz, Tomas"]
[Black "Uricar, Zdenek"]
[Result "1-0"]
[WhiteElo "1803"]
[BlackElo "1871"]
[PlyCount "115"]

1. e4 c5 2. Nc3 Nc6 3. Bb5 g6 4. f4 Bg7 5. Nf3 a6 6. Bxc6 bxc6 7. O-O d5 8. e5
d4 9. Ne4 Qd5 10. d3 Bf5 11. Ng3 Nh6 12. b3 O-O 13. Qe2 Rfe8 14. Bd2 Bg4 15.
Rae1 e6 16. Ne4 Kh8 17. Bc1 Nf5 18. h3 Bxf3 19. Qxf3 Reb8 20. a4 Ra7 21. g4 Nh6
22. Qf2 Ng8 23. Ba3 Bf8 24. Qd2 a5 25. Qf2 h6 26. Re2 Kg7 27. Qf3 f5 28. exf6+
Nxf6 29. Nxf6 Qxf3 30. Rxf3 Kxf6 31. f5 gxf5 32. gxf5 Rg7+ 33. Kh1 e5 34. Bc1
Rg8 35. Bd2 Ra8 36. Be1 Ra7 37. Bh4+ Kf7 38. Rxe5 Be7 39. Be1 Bd6 40. Re6 Re7
41. Rxe7+ Bxe7 42. Bxa5 Kf6 43. Be1 Kf7 44. Kh2 h5 45. Bg3 h4 46. Be1 Rg7 47.
f6 Bd6+ 48. Kh1 Rh7 49. Kg2 Rh5 50. Kf1 Be5 51. Ba5 Bg3 52. Be1 Bd6 53. Ke2 Be5
54. a5 Bxf6 55. a6 Ke6 56. a7 Rh8 57. Rxf6+ Kxf6 58. Bxh4+ 1-0

[Event "Jm KP I 23-24 Lipovec - Universita"]
[Site "?"]
[Date "2024.02.18"]
[Round "48.1"]
[White "Fojtik, Tomas"]
[Black "Gajdos, Daniel"]
[Result "1/2-1/2"]
[WhiteElo "2049"]
[BlackElo "2090"]
[PlyCount "103"]
[EventDate "2024.??.??"]

1. c4 Nf6 2. Nf3 g6 3. g3 c6 4. Bg2 Bg7 5. O-O O-O 6. Nc3 d5 7. cxd5 cxd5 8. d4
e6 9. Bg5 h6 10. Bxf6 Bxf6 11. Qd2 Bg7 12. Rfc1 Nc6 13. Na4 Na5 14. b3 b6 15.
Rc2 Bd7 16. Nb2 Rc8 17. Rac1 Rxc2 18. Rxc2 Qb8 19. Nd3 Rc8 20. Nde5 Rxc2 21.
Qxc2 Be8 22. Bf1 f6 23. Nd3 e5 24. Nb4 e4 25. Nd2 Qd8 26. e3 Bf8 27. Qc3 Qd6
28. a3 Bd7 29. Nb1 Kg7 30. Nd2 Nb7 31. Nc2 Nd8 32. b4 Ne6 33. f4 exf3 34. Nxf3
Ng5 35. Nxg5 hxg5 36. Ne1 Qe6 37. Nf3 Bd6 38. Bg2 a5 39. Ne1 axb4 40. axb4 Qe7
41. Bxd5 Bxb4 42. Qc1 Bf5 43. Kf2 g4 44. Ng2 g5 45. Qc6 Qa7 46. Qe8 Bf8 47. e4
Qd7 48. Qa8 Bg6 49. Ne3 b5 50. Qc6 Qxc6 51. Bxc6 b4 52. Bd5 1/2-1/2

[Event "Jm KP I 23-24 Lipovec - Universita"]
[Site "?"]
[Date "2024.02.18"]
[Round "48.2"]
[White "Kisa, Lubomir"]
[Black "Pokladnik, Martin"]
[Result "0-1"]
[WhiteElo "2023"]
[BlackElo "2200"]
[PlyCount "104"]
[EventDate "2024.??.??"]

1. d4 Nf6 2. Nf3 d5 3. g3 b5 4. Bg2 Bb7 5. O-O e6 6. b3 Nbd7 7. Bb2 c5 8. a4 a6
9. dxc5 b4 10. c6 Bxc6 11. Nd4 Bb7 12. c4 bxc3 13. Nxc3 Rc8 14. Rc1 Qb6 15. e4
Bc5 16. exd5 Bxd4 17. dxe6 Ne5 18. a5 Qa7 19. exf7+ Kxf7 20. b4 Rhd8 21. Qb3+
Kf8 22. b5 g6 23. Ba3+ Kg7 24. Ne2 Rxc1 25. Bxc1 Bxg2 26. Kxg2 Qb7+ 27. f3 Qxb5
28. Nxd4 Rxd4 29. Qxb5 axb5 30. Be3 Ra4 31. Bb6 Ra2+ 32. Rf2 Rxf2+ 33. Kxf2
Nd3+ 34. Ke3 Nb4 35. Kd4 Na6 36. g4 Kf7 37. Bd8 Ke6 38. h3 Nd7 39. f4 Ndb8 40.
Bb6 Nc6+ 41. Ke4 b4 42. f5+ gxf5+ 43. gxf5+ Kf6 44. Kd5 Ne7+ 45. Kc4 Nxf5 46.
Bf2 Ke5 47. Be1 Nd6+ 48. Kb3 Nc5+ 49. Kc2 b3+ 50. Kb1 Nb5 51. Bg3+ Kd5 52. h4
Nd3 0-1

[Event "Jm KP I 23-24 Lipovec - Universita"]
[Site "?"]
[Date "2024.02.18"]
[Round "48.3"]
[White "Balaz, Frantisek"]
[Black "Ibrahim Emad, Aldin"]
[Result "1/2-1/2"]
[WhiteElo "1867"]
[BlackElo "2019"]
[PlyCount "84"]
[EventDate "2024.??.??"]

1. e4 c5 2. c3 g6 3. d4 cxd4 4. cxd4 d5 5. exd5 Nf6 6. Nf3 Bg7 7. Bc4 O-O 8.
Nc3 Nbd7 9. O-O Nb6 10. Bb3 Nbxd5 11. Bg5 Nxc3 12. bxc3 b6 13. Rc1 Bb7 14. Re1
Ne4 15. Bf4 Rc8 16. Qd3 Nc5 17. Qe3 Nxb3 18. axb3 Re8 19. h4 Bd5 20. b4 Qd7 21.
Ne5 Bxe5 22. Qxe5 f6 23. Qe2 Qf5 24. Bg3 Bc4 25. Qe4 Qxe4 26. Rxe4 a5 27. bxa5
bxa5 28. Ra1 Ra8 29. Ra3 a4 30. Bc7 Bd5 31. Re1 Ra6 32. Rb1 Rc6 33. Ba5 Bb3 34.
Bb4 Rc4 35. Re1 Kf7 36. Raa1 e5 37. dxe5 fxe5 38. g3 e4 39. Re3 Ra8 40. Kg2 h6
41. f3 exf3+ 42. Kxf3 Rc6 1/2-1/2

[Event "Jm KP I 23-24 Lipovec - Universita"]
[Site "?"]
[Date "2024.02.18"]
[Round "48.4"]
[White "Moulis, Mojmir"]
[Black "Krejci, Petr"]
[Result "1/2-1/2"]
[WhiteElo "2046"]
[BlackElo "1841"]
[PlyCount "64"]
[EventDate "2024.??.??"]

1. e4 c5 2. Nf3 d6 3. d4 cxd4 4. Nxd4 Nf6 5. Nc3 a6 6. Be2 Nc6 7. Be3 g6 8. O-O
Bg7 9. f4 O-O 10. Bf3 Qc7 11. Nb3 Bd7 12. h3 Rac8 13. Qd2 b5 14. a3 Rfd8 15.
Qf2 Rb8 16. Rae1 Be6 17. Nd5 Bxd5 18. exd5 Na5 19. Nd4 Re8 20. c3 Nc4 21. Bc1
Nb6 22. Nc6 Rb7 23. Qd2 Nc4 24. Qd3 Qb6+ 25. Kh1 Rd7 26. Re2 Qc7 27. Rfe1 Na5
28. Nxa5 Qxa5 29. Be3 Qa4 30. Bd4 Qc4 31. Qxc4 bxc4 32. Rd2 Rb7 1/2-1/2

[Event "Jm KP I 23-24 Lipovec - Universita"]
[Site "?"]
[Date "2024.02.18"]
[Round "48.5"]
[White "Sekanina, Jiri"]
[Black "Hladik, Josef"]
[Result "1/2-1/2"]
[WhiteElo "1978"]
[BlackElo "2011"]
[PlyCount "59"]
[EventDate "2024.??.??"]

1. e4 d5 2. exd5 Qxd5 3. Nf3 Qd6 4. d4 Nf6 5. Nc3 c6 6. g3 Bg4 7. Bg2 e6 8. O-O
Be7 9. Ne2 O-O 10. Bf4 Qd8 11. c4 Nbd7 12. Nc3 Nb6 13. b3 a5 14. h3 Bxf3 15.
Bxf3 Bb4 16. Rc1 Qe7 17. Qc2 Rfd8 18. Rcd1 h6 19. Ne4 Nxe4 20. Qxe4 a4 21. Rd3
axb3 22. axb3 Nd7 23. Rfd1 Nf6 24. Qe2 Bd6 25. Bc1 Ra1 26. Bb2 Ra2 27. R1d2 Bb4
28. Rc2 Rda8 29. Bc3 Rxc2 30. Qxc2 1/2-1/2

[Event "Jm KP I 23-24 Lipovec - Universita"]
[Site "?"]
[Date "2024.02.18"]
[Round "48.6"]
[White "Uhmann, Jan"]
[Black "Sevcik, Milos"]
[Result "1/2-1/2"]
[WhiteElo "1920"]
[BlackElo "1910"]
[PlyCount "92"]
[EventDate "2024.??.??"]

1. e4 c5 2. Nc3 Nc6 3. d3 d6 4. Bg5 Nf6 5. f4 Qa5 6. Nf3 Bg4 7. Qd2 Bxf3 8.
gxf3 Nd4 9. Bg2 Nd7 10. f5 Ne5 11. O-O f6 12. Be3 g5 13. b4 Qxb4 14. Rab1 Qxc3
15. Rxb7 Qxd2 16. Bxd2 Nxc2 17. Rc1 Nd4 18. Be3 Nexf3+ 19. Kf2 Ne5 20. Bxd4
cxd4 21. Bf1 h5 22. Rbc7 Kd8 23. Rb7 a5 24. Rc2 Nd7 25. Rc4 Nc5 26. Rb5 Bh6 27.
Rxd4 Ke8 28. Bg2 Kf7 29. e5 fxe5 30. Bxa8 exd4 31. Bd5+ Kf6 32. Rxa5 Nxd3+ 33.
Kf3 g4+ 34. Ke4 Nb4 35. Be6 Rd8 36. Rb5 Nxa2 37. Bxa2 Ra8 38. Bd5 Rc8 39. Kxd4
Rc5 40. Rxc5 dxc5+ 41. Kxc5 Kxf5 42. Kd4 h4 43. h3 Kf4 44. hxg4 Kxg4 45. Kd3
Kg3 46. Ke2 Bg7 1/2-1/2

[Event "Jm KP I 23-24 Lipovec - Universita"]
[Site "?"]
[Date "2024.02.18"]
[Round "48.7"]
[White "Sevcik, Milan"]
[Black "Riha, Otmar"]
[Result "1/2-1/2"]
[WhiteElo "1801"]
[BlackElo "1924"]
[PlyCount "67"]
[EventDate "2024.??.??"]

1. e4 e5 2. Bc4 Nf6 3. Nf3 Nc6 4. Ng5 d5 5. exd5 Na5 6. Bb5+ c6 7. dxc6 bxc6 8.
Be2 h6 9. Nf3 e4 10. Ne5 Bd6 11. d4 O-O 12. O-O Qc7 13. Bf4 Nd5 14. Bg3 f5 15.
Ng6 Bxg3 16. hxg3 Rf6 17. Ne5 f4 18. c4 Ne7 19. gxf4 Rxf4 20. b4 Nb7 21. Nc3 a5
22. g3 Rf8 23. Nxe4 axb4 24. Bg4 c5 25. Bxc8 Raxc8 26. f4 cxd4 27. Qxd4 Rfd8
28. Qb2 Qb6+ 29. Qf2 Qxf2+ 30. Kxf2 Nc6 31. Nxc6 Rxc6 32. c5 Nxc5 33. Nxc5 Rxc5
34. Rfe1 1/2-1/2

[Event "Jm KP I 23-24 Lipovec - Universita"]
[Site "?"]
[Date "2024.02.18"]
[Round "48.8"]
[White "Sebek, Jan"]
[Black "Sevcik, Lubos"]
[Result "1-0"]
[WhiteElo "1857"]
[BlackElo "1752"]
[PlyCount "73"]
[EventDate "2024.??.??"]

1. e4 e6 2. d4 d5 3. Nd2 Nf6 4. e5 Nfd7 5. f4 c5 6. c3 Nc6 7. Ngf3 c4 8. Be2
Be7 9. Nf1 O-O 10. Ng3 f5 11. O-O b5 12. Kh1 b4 13. Rg1 Kh8 14. Qa4 Qb6 15. Ng5
Bxg5 16. fxg5 g6 17. Bd2 Rb8 18. Qd1 Rg8 19. Bf3 Nf8 20. Ne2 Bd7 21. Nf4 a5 22.
Nxd5 exd5 23. Bxd5 Rg7 24. Bxc4 Be6 25. Bxe6 Nxe6 26. d5 Nxe5 27. dxe6 Rd8 28.
Qe2 Nd3 29. Rgf1 Re7 30. Be3 Qxe6 31. Bd4+ Kg8 32. Qxd3 Rd5 33. Qg3 bxc3 34.
bxc3 Rb7 35. Rab1 Rdb5 36. Rxb5 Rxb5 37. Qc7 1-0

[Event "Jm KP I 23-24 Univerzita B-Lokomotiva A"]
[Site "?"]
[Date "2024.03.03"]
[Round "49.1"]
[White "Gajdos, Daniel"]
[Black "Kratochvil, Josef"]
[Result "1/2-1/2"]
[WhiteElo "2076"]
[BlackElo "2235"]
[PlyCount "53"]

1. Nf3 c5 2. c4 Nf6 3. Nc3 b6 4. g3 Bb7 5. Bg2 e6 6. O-O Be7 7. d4 cxd4 8. Qxd4
d6 9. Bg5 a6 10. Bxf6 Bxf6 11. Qf4 O-O 12. Rfd1 Be7 13. Ne4 Bxe4 14. Qxe4 Ra7
15. Nd4 Qc8 16. b3 Rd8 17. Rac1 Rc7 18. Qb1 Bf6 19. e3 Nd7 20. a4 Nc5 21. Qc2
a5 22. Nb5 Rcd7 23. Rd2 Na6 24. Rcd1 Nb4 25. Qb1 Qc5 26. Be4 g6 27. Kg2 1/2-1/2

[Event "Jm KP I 23-24 Univerzita B-Lokomotiva A"]
[Site "?"]
[Date "2024.03.03"]
[Round "49.2"]
[White "Volak, Simon"]
[Black "Svehla, Karel"]
[Result "1-0"]
[WhiteElo "2118"]
[BlackElo "2122"]
[PlyCount "57"]

1. e4 e6 2. d3 d5 3. Nd2 c5 4. Ngf3 Nc6 5. g3 Be7 6. Bg2 Nf6 7. O-O Rb8 8. Re1
b5 9. Qe2 Qb6 10. exd5 Nxd5 11. Ne4 h6 12. c4 Nf6 13. Bf4 Rb7 14. b3 Rd7 15. h4
b4 16. Ne5 Nxe5 17. Bxe5 Nxe4 18. dxe4 O-O 19. Qg4 f6 20. Bf4 f5 21. exf5 exf5
22. Qh5 Kh7 23. Bd5 Qg6 24. Qxg6+ Kxg6 25. Bc6 Bf6 26. Bxd7 Bxa1 27. Bxc8 Bc3
28. Re6+ Kf7 29. Rc6 1-0

[Event "Jm KP I 23-24 Univerzita B-Lokomotiva A"]
[Site "?"]
[Date "2024.03.03"]
[Round "49.3"]
[White "Bakos, Eduard"]
[Black "Kratochvil, Karel"]
[Result "1/2-1/2"]
[WhiteElo "2057"]
[BlackElo "2167"]
[PlyCount "26"]

1. e4 e5 2. Nf3 Nf6 3. Nc3 Bb4 4. Bc4 d6 5. d3 O-O 6. O-O Nc6 7. h3 Qe7 8. Ne2
Na5 9. a3 Nxc4 10. axb4 Nb6 11. c4 Be6 12. Be3 Nfd7 13. Ng3 f5 1/2-1/2